00268nam a2200097Ia 450000500170000000800410001710000240005824500640008226000130014665000110015920260328104247.0260328s9999||||xx |||||||||||||| ||und|| aSmith, G. E. Kidder 0aSweden Builds :b extensively revised /cG. E. Kidder Smith bReinhold aEUROPA